USA and Canada Map Quiz - Statistics

General Stats
  • This quiz has been taken 152 times
  • The average score is 51 of 65
Answer Stats
Hint Answer % Correct
Capital of USA and is a district of Columbia Washington D.C
93%
42nd State Washington
91%
11th State New York
90%
49th State Alaska
87%
50th State Hawaii
87%
28th State Texas
87%
27th State Florida
86%
23rd State Maine
86%
33rd State Oregon
85%
10th State Virginia
85%
3rd State New Jersey
84%
48th State Arizona
83%
31st State California
83%
4th State Georgia
83%
6th State Massachusetts
83%
13th State Rhode Island
83%
22nd State Alabama
82%
25th State Arkansas
82%
43rd State Idaho
82%
41st State Montana
82%
9th State New Hampshire
82%
47th State New Mexico
82%
12th State North Carolina
82%
39th State North Dakota
82%
17th State Ohio
82%
Provence With Capital Of Canada Ontario
82%
2nd State Pennsylvania
82%
Wants Independence and was controlled by French Quebec
82%
8th State South Carolina
82%
40th State South Dakota
82%
38th State Colorado
81%
26th State Michigan
81%
14th State Vermont
80%
35th State West Virginia
80%
has British in the name British Columbia
79%
5th State Connecticut
79%
21st State Illinois
79%
29th State Iowa
79%
34th State Kansas
79%
18th State Louisiana
79%
7th State Maryland
79%
20th State Mississippi
79%
24th State Missouri
79%
36th State Nevada
79%
30th State Wisconsin
79%
44th State Wyoming
79%
32nd State Minnesota
78%
A kinda state in the Caribbean Puerto Rico
78%
45th State Utah
78%
19th State Indiana
77%
15th State Kentucky
76%
37th State Nebraska
76%
46th State Oklahoma
76%
16th State Tennessee
74%
Next to British Columbia Alberta
73%
two parts one an island the other the name of a dog Newfoundland and Labrador
69%
Has the biggest border with alaska Yukon
69%
Smallest Island Prince Edward Island
68%
Next to Ontario Manitoba
64%
North of Maine and New Hampshire New Brunswick
64%
Rectangle Saskatchewan
64%
Has Territories in the name Probaly the dumbest name... North West Territories
62%
Biggest Island Apart From Newfoundland (and cold northern islands) Nova Scotia
60%
A canal that is important that was/is controlled by the USA Panama Canal
55%
1st State Deleware
40%
No matching quizzes found
Score Distribution
Percent of People with Each Score
Percentile by Number Answered
Your Score History
You have not taken this quiz